[Event "Nuremberg Zabo op 13th"]
[Site "Nuremberg"]
[Date "2011.09.18"]
[Round "5"]
[White "Schneider, Jana"]
[Black "Bruder, Heinz"]
[Result "0-1"]
[WhiteElo "1335"]
[BlackElo "1668"]
[PlyCount "120"]
[EventDate "2011.09.16"]
[EventType "swiss"]
[EventRounds "5"]
[EventCountry "GER"]
[SourceTitle "EXT 2013"]
[Source "ChessBase"]
[SourceDate "2012.11.22"]
[SourceVersion "1"]
[SourceVersionDate "2012.11.22"]
[SourceQuality "1"]

1. e4 e5 2. Nf3 Nc6 3. d4 exd4 4. Nxd4 Bc5 5. Nb3 Bb6 6. Nc3 Nge7 7. Bc4 Ne5 8. Be2 0-0 9. 0-0 c6 10. Bf4 N7g6 11. Bg3 f5 12. exf5 Rxf5 13. Re1 d5 14. Nd4 Rf8 15. Bh5 Qf6 16. Bxg6 Nxg6 17. Nce2 Bd7 18. Qd2 Rae8 19. Nf3 Qxb2 20. Qc3 Qxc3 21. Nxc3 Rxe1+ 22. Rxe1 Re8 23. Rxe8+ Bxe8 24. Kf1 Ba5 25. Ne2 Bb4 26. Nf4 Nxf4 27. Bxf4 Bg6 28. Nd4 c5 29. Nb5 Bxc2 30. Nxa7 d4 31. Nc8 d3 32. Ne7+ Kf7 33. Nd5 d2 34. Bxd2 Bxd2 35. Ke2 Ba5 36. Ke3 Ke6 37. Nf4+ Kd6 38. h4 b5 39. g4 Bb1 40. a3 c4 41. Kd4 c3 42. Ne2 c2 43. Ke3 Bb6+ 44. Kd2 Bxf2 45. h5 Bc5 46. Nc1 Bxa3 47. Ne2 c1Q+ 48. Nxc1 Bxc1+ 49. Kxc1 Be4 50. g5 Ke5 51. h6 g6 52. Kd2 Kf5 53. Ke3 Bh1 54. Kd4 Kxg5 55. Kc5 Bc6 56. Kxc6 b4 57. Kd6 b3 58. Ke7 b2 59. Kf7 Kxh6 60. Kg8 b1Q 0-1

[Event "Mittelfranken-chTB1 1011"]
[Site "Germany"]
[Date "2011.03.13"]
[Round "7.8"]
[White "Sikorsky, Reinhard"]
[Black "Bruder, Heinz"]
[Result "1/2-1/2"]
[WhiteElo "1600"]
[BlackElo "1735"]
[PlyCount "47"]
[EventDate "2010.09.26"]
[EventType "team-tourn"]
[EventRounds "9"]
[EventCountry "GER"]
[SourceTitle "EXT 2012"]
[Source "ChessBase"]
[SourceDate "2011.11.24"]
[SourceVersion "1"]
[SourceVersionDate "2011.11.24"]
[SourceQuality "1"]
[WhiteTeam "Gunzenhausen"]
[BlackTeam "Nuernberg Sued SW II"]
[WhiteTeamCountry "GER"]
[BlackTeamCountry "GER"]

1. e4 e5 2. Nf3 Nc6 3. Bc4 d6 4. c3 Nf6 5. Ng5 d5 6. exd5 Nxd5 7. d3 f6 8. Qf3 Nce7 9. Ne4 c6 10. 0-0 Ng6 11. Bb3 Be7 12. Ng3 Ndf4 13. Bxf4 Nxf4 14. d4 h5 15. dxe5 fxe5 16. Qe4 Qd6 17. Rd1 Qf6 18. Bc2 Bd7 19. Nf5 0-0-0 20. Nxe7+ Qxe7 21. Nd2 Rhf8 22. Nf3 Bf5 23. Rxd8+ Qxd8 24. Qa4 1/2-1/2

[Event "Mittelfranken-ch NT 58th"]
[Site "Postbauer"]
[Date "2009.04.08"]
[Round "1"]
[White "Hofer, Markus"]
[Black "Bruder, Heinz"]
[Result "1-0"]
[WhiteElo "2060"]
[BlackElo "1634"]
[PlyCount "92"]
[EventDate "2009.04.08"]
[EventType "swiss"]
[EventRounds "7"]
[EventCountry "GER"]
[SourceTitle "EXT 2015"]
[Source "ChessBase"]
[SourceDate "2014.11.20"]
[SourceVersion "1"]
[SourceVersionDate "2014.11.20"]
[SourceQuality "1"]

1. d4 g6 2. e4 d6 3. Nc3 Bg7 4. Nf3 f5 5. Bd3 fxe4 6. Nxe4 Nf6 7. Nxf6+ exf6 8. 0-0 0-0 9. Re1 d5 10. Bf4 b6 11. Qe2 Bd7 12. c4 c6 13. Rac1 Re8 14. Qd1 Be6 15. Qa4 Qd7 16. cxd5 Bxd5 17. Bc4 Rxe1+ 18. Rxe1 Bf8 19. Bxb8 b5 20. Bxd5+ cxd5 21. Qa6 Rxb8 22. Qxf6 Rb6 23. Qg5 b4 24. Ne5 Re6 25. g3 Qe8 26. b3 Bg7 27. f4 Rc6 28. Re2 Rc1+ 29. Kf2 Qc8 30. Qe7 Rc2 31. Qxb4 Qh3 32. Rxc2 Qxh2+ 33. Ke3 Qxc2 34. Qd2 Qe4+ 35. Kf2 Bxe5 36. dxe5 Qh1 37. Qe2 Qh2+ 38. Kf3 Qh1+ 39. Kf2 Qh2+ 40. Kf3 Qh1+ 41. Ke3 Qe4+ 42. Kd2 Qb1 43. Kc3 Qa1+ 44. Kd3 d4 45. Ke4 Kg7 46. Qf2 Qd1 1-0

[Event "Mittelfranken-ch QT 56th"]
[Site "Postbauer"]
[Date "2007.04.07"]
[Round "7"]
[White "Bruder, Heinz"]
[Black "Diebel, Guenter"]
[Result "0-1"]
[WhiteElo "1605"]
[BlackElo "1690"]
[PlyCount "70"]
[EventDate "2007.04.04"]
[EventType "swiss"]
[EventRounds "7"]
[EventCountry "GER"]
[SourceTitle "EXT 2015"]
[Source "ChessBase"]
[SourceDate "2014.11.20"]
[SourceVersion "1"]
[SourceVersionDate "2014.11.20"]
[SourceQuality "1"]

1. e4 d5 2. exd5 Qxd5 3. Nc3 Qa5 4. Bc4 Nf6 5. Nge2 Bg4 6. 0-0 Nbd7 7. d3 c6 8. Bf4 g5 9. Be3 h6 10. f3 Bh5 11. Ne4 Rg8 12. N2g3 Bg6 13. Nxf6+ Nxf6 14. Ne4 Bg7 15. c3 Nd5 16. Bf2 Nf4 17. Re1 0-0-0 18. Nc5 Rge8 19. Qb3 Qb6 20. Qa4 Qc7 21. Qxa7 e6 22. Nxb7 Bxd3 23. Bxd3 Rxd3 24. Qa8+ Qb8 25. Qxb8+ Kxb8 26. Nc5 Rd2 27. Rab1 Red8 28. a4 Bf8 29. b4 Ne2+ 30. Kf1 Nxc3 31. Rb3 Nd1 32. Ne4 Rb2 33. Rxb2 Nxb2 34. Nc5 Bxc5 35. Bxc5 Nxa4 0-1

[Event "Mittelfranken-ch QT 56th"]
[Site "Postbauer"]
[Date "2007.04.04"]
[Round "1"]
[White "Suess, Helmut"]
[Black "Bruder, Heinz"]
[Result "1-0"]
[WhiteElo "1845"]
[BlackElo "1605"]
[PlyCount "197"]
[EventDate "2007.04.04"]
[EventType "swiss"]
[EventRounds "7"]
[EventCountry "GER"]
[SourceTitle "EXT 2015"]
[Source "ChessBase"]
[SourceDate "2014.11.20"]
[SourceVersion "1"]
[SourceVersionDate "2014.11.20"]
[SourceQuality "1"]

1. Nf3 Nf6 2. c4 g6 3. Nc3 Bg7 4. g3 d6 5. Bg2 e5 6. d3 c6 7. 0-0 0-0 8. Rb1 Ne8 9. e4 Nc7 10. Be3 Ne6 11. Qd2 Nd7 12. Bh6 Ndc5 13. b4 Bxh6 14. Qxh6 Nd7 15. h4 Qf6 16. Ng5 Qg7 17. Qxg7+ Kxg7 18. Nxe6+ fxe6 19. Bh3 Nf6 20. b5 c5 21. a4 b6 22. a5 Kf7 23. Ra1 Nd7 24. Ra2 bxa5 25. Rxa5 a6 26. Rfa1 Bb7 27. bxa6 Bc6 28. Nb5 Bxb5 29. cxb5 Ra7 30. Rb1 Nb6 31. Bf1 Ke7 32. Be2 Kd7 33. Kg2 Kc7 34. Bg4 Rf6 35. Ra2 Nd7 36. Rab2 Kb6 37. Rf1 Nf8 38. f4 Raf7 39. Rbf2 Kxb5 40. fxe5 Rxf2+ 41. Rxf2 Rxf2+ 42. Kxf2 Kxa6 43. exd6 Kb6 44. e5 Nd7 45. Ke3 Nxe5 46. Bxe6 Kc6 47. d7 Nxd7 48. Kf4 Kd6 49. Bxd7 Kxd7 50. Kg5 Ke6 51. Kh6 Kf6 52. g4 Ke5 53. Kxh7 Kd4 54. Kxg6 Kxd3 55. h5 c4 56. h6 c3 57. h7 c2 58. h8Q c1Q 59. g5 Qc6+ 60. Qf6 Qe8+ 61. Kh6 Qe3 62. Kg7 Qa7+ 63. Kg6 Qe3 64. Qd8+ Ke2 65. Kf7 Qb3+ 66. Kg7 Qb7+ 67. Kf8 Qf3+ 68. Qf6 Qa8+ 69. Kf7 Kd1 70. g6 Qb7+ 71. Kg8 Qc8+ 72. Kg7 Qd7+ 73. Kg8 Qc8+ 74. Kh7 Qh3+ 75. Kg7 Qd7+ 76. Qf7 Qd4+ 77. Qf6 Qd7+ 78. Kh8 Qh3+ 79. Kg8 Qc8+ 80. Qf8 Qe6+ 81. Kh7 Qe4 82. Qd6+ Kc1 83. Kg7 Qf5 84. Qc6+ Kb1 85. Kg8 Qd3 86. g7 Qb3+ 87. Kf8 Qb4+ 88. Kf7 Qf4+ 89. Qf6 Qc4+ 90. Qe6 Qc7+ 91. Kf8 Qd8+ 92. Kf7 Qc7+ 93. Kg6 Qg3+ 94. Kh7 Qh4+ 95. Qh6 Qe7 96. Qg6+ Ka1 97. Qg1+ Kb2 98. Qd4+ Kc1 99. Kh8 1-0

[Event "Nuremberg Zabo op 04th"]
[Site "Nuremberg"]
[Date "2002.09.28"]
[Round "3"]
[White "Bachner, Thomas"]
[Black "Bruder, Heinz"]
[Result "1/2-1/2"]
[WhiteElo "1658"]
[BlackElo "1520"]
[PlyCount "73"]
[EventDate "2002.09.27"]
[EventType "swiss"]
[EventRounds "5"]
[EventCountry "GER"]
[SourceTitle "EXT 2003"]
[Source "ChessBase"]
[SourceDate "2002.11.25"]
[SourceVersion "1"]
[SourceVersionDate "2002.11.25"]
[SourceQuality "1"]

1. d4 g6 2. c4 e6 3. Nc3 Bg7 4. Nf3 Nf6 5. e3 d6 6. Bd3 Nc6 7. a3 Ne7 8. 0-0 c6 9. Qe2 a6 10. e4 Nd7 11. e5 d5 12. b4 dxc4 13. Bxc4 Nb6 14. Bb3 Nbd5 15. Ne4 h6 16. Nd6+ Kf8 17. Bd2 Nf5 18. Nxf5 gxf5 19. Ne1 b6 20. a4 Bb7 21. f4 Ke8 22. a5 b5 23. Nd3 Bf8 24. Rf3 Nxb4 25. Bc3 Nd5 26. Bxd5 Qxd5 27. Rd1 Rd8 28. Nb4 Bxb4 29. Bxb4 Rg8 30. Bc5 Rg4 31. Rh3 Rg6 32. Qf3 Qxf3 33. Rxf3 Kd7 34. g3 Rdg8 35. Rb3 h5 36. Kf2 h4 37. Rh1 1/2-1/2